Účtovanie nákupu a predaja cenných papierov u obchodníkov s cennými papiermi (podľa metodiky platnej od 1.1.199)

Účtovanie nákupu a predaja cenných papierov u obchodníkov s cennými papiermi na účet klienta. Účet 222 - Bankové účty klientov. Účet 326 - Záväzky voči klientom. Účet 327 - Záväzky voči trhom. Účet 377 - Zúčtovanie obchodov. Príklady.

Na minha lista:
Detalhes bibliográficos
Autor principal: Baštincová, Anna
Formato: Capítulo de Livro
Idioma:eslovaco
Assuntos:
Tags: Adicionar Tag
Sem tags, seja o primeiro a adicionar uma tag!

MARC

LEADER 00000naa a2200000 4500
001 r034834
005 20231002071502.2
041 0 |a slo 
044 |a SK 
245 1 0 |a Účtovanie nákupu a predaja cenných papierov u obchodníkov s cennými papiermi (podľa metodiky platnej od 1.1.199)  |c Anna Baštincová 
520 |a Účtovanie nákupu a predaja cenných papierov u obchodníkov s cennými papiermi na účet klienta. Účet 222 - Bankové účty klientov. Účet 326 - Záväzky voči klientom. Účet 327 - Záväzky voči trhom. Účet 377 - Zúčtovanie obchodov. Príklady. 
610 2 0 |a účtovanie 
610 2 0 |a osnova účtová 
610 2 0 |a papiere cenné 
610 2 0 |a účty bankové 
610 2 0 |a prípady účtovné 
610 2 0 |a záväzky 
610 2 0 |a klienti 
610 2 0 |a BCP Bratislava 
610 2 0 |a RM-Systém Slovakia 
100 1 |a Baštincová, Anna